| 000 | 00444nam a2200181Ia 4500 | ||
|---|---|---|---|
| 001 | 1715 | ||
| 005 | 20260306143748.0 | ||
| 008 | 260306t2006||||xx |||||||||||||| ||spa|| | ||
| 041 | _aESP | ||
| 082 |
_a155.2 _bM82 |
||
| 100 |
_aMillon, Theodore _eAUT |
||
| 245 | 0 | _aTrastornos de la personalidad en la vida moderna | |
| 260 | _c2006 | ||
| 300 |
_axii, 625 páginas : _c25 cm. |
||
| 650 | _aGEN | ||
| 654 | _aCPS | ||
| 942 |
_cLIB _dJUS _fJUS _2ddc _n |
||
| 999 |
_c1715 _d1715 |
||